| 000 | 00355nam a2200121Ia 4500 | ||
|---|---|---|---|
| 008 | 150201s2007 xx 000 0 und d | ||
| 082 |
_a610.73 _bH07G |
||
| 100 | _aGLASPER,EDWARD A | ||
| 245 | _aOXFORD HAND BOOK OF CHILDREN'S AND YOUNG PEOPLE'S NURSING | ||
| 260 |
_bOXFORD _aNEW YORK _c2007 |
||
| 650 | _aOTHER CLINICAL & NON CLINICAL BOOKS | ||
| 942 |
_2ddc _cBK |
||
| 999 |
_c806 _d806 |
||